|
|
|
|
| LEADER |
00000nam0a2200000 4500 |
| 001 |
356096 |
| 005 |
20231102010848.0 |
| 035 |
|
|
|a (RuTPU)RU\TPU\retro\13356
|
| 090 |
|
|
|a 356096
|
| 100 |
|
|
|a 20200715d1953 m y0rusy50 ca
|
| 101 |
0 |
|
|a rus
|
| 102 |
|
|
|a RU
|
| 105 |
|
|
|a a z 011zb
|
| 200 |
1 |
|
|a Вячеслав Яковлевич Шишков в Томске
|e по воспоминаниям и документам
|f И. Е. Лясоцкий
|
| 210 |
|
|
|a Томск
|c Томская писательская организация
|d 1953
|
| 215 |
|
|
|a 62 с.
|c ил.
|
| 300 |
|
|
|a к 80-летию со дня рождения В. Я. Шишкова
|
| 320 |
|
|
|a Библиогр.: с. 57-59
|
| 600 |
|
1 |
|a Шишков
|b В. Я
|f 1873-1945
|g Вячеслав Яковлевич
|c русский писатель
|2 stltpush
|3 (RuTPU)RU\TPU\pers\3639
|
| 606 |
1 |
|
|a Русская литература современная
|x История и критика
|2 stltpush
|3 (RuTPU)RU\TPU\subj\26374
|9 50317
|
| 610 |
1 |
|
|a русская литература
|
| 610 |
1 |
|
|a русские писатели
|
| 610 |
1 |
|
|a 19 век
|
| 610 |
1 |
|
|a 20 век
|
| 610 |
1 |
|
|a персоналии
|
| 610 |
1 |
|
|a творчество
|
| 610 |
1 |
|
|a литературная жизнь
|
| 610 |
1 |
|
|a Сибирь
|
| 610 |
1 |
|
|a Томск
|
| 610 |
1 |
|
|a воспоминания
|
| 610 |
1 |
|
|a документы
|
| 675 |
|
|
|a 8Р2(092)
|v 4
|
| 700 |
|
1 |
|a Лясоцкий
|b И. Е.
|c советский краевед
|c библиотекарь
|f 1892-1953
|g Иван Ефремович
|2 stltpush
|3 (RuTPU)RU\TPU\pers\23303
|9 10085
|
| 801 |
|
1 |
|a RU
|b 63413507
|c 20200715
|
| 801 |
|
2 |
|a RU
|b 63413507
|c 20200721
|g RCR
|
| 942 |
|
|
|c BK
|